Derecho Militar Mx̌icano

Bibliographic Details
Main Author: Carlos Espinosa, Alejandro
Format: eBook
Language:Spanish
Published: Mx̌ico D.F. : Criminogenesis, 2011
Subjects:
Online Access:http://www.vlex.com/source/7294

MARC

LEADER 00000nam a22000007a 4500
005 20130307161507.0
007 cr|||| ||||
008 130307e2011 mx |||||s|||| 00||0 spa d
020 |a 678-607-09-0829-3 
035 |a 7294 
040 |a vLex 
090 |c 3846  |d 3846 
100 1 0 |a Carlos Espinosa, Alejandro 
245 1 0 |a Derecho Militar Mx̌icano  |c / Alejandro Carlos Espinosa   |h [Recursos electrn̤icos] 
256 |a Servicio en ln̕ea 
260 |a Mx̌ico D.F. :   |b Criminogenesis,   |c 2011 
300 |a 1 Recurso electrn̤ico 
506 |d vLex Global  |d vLex Global (Academic Edition, excluding Law Schools)  |d vLex Global (U.S. Academic Edition, Law Schools)  |d vLex Global (U.S. Academic Edition, excluding Law Schools)  |d vLex Global (Academic Edition, Law Schools) 
650 0 4 |a Derecho militar  |z Mx̌ico 
650 0 4 |a Procedimiento militar  |z Mx̌ico 
740 |a vLex Libros (Servicio en ln̕ea) 
856 |a Acceso restringido  |u http://www.vlex.com/source/7294 
942 |c BOOK 
999 0 |a Military law